International monetary economics

Zapisane w:
Opis bibliograficzny
1. autor: Machlup, Fritz
Format: Książka
Język:Undetermined
Wydane: London Allen & Unwin 1966
Hasła przedmiotowe:
Etykiety: Dodaj etykietę
Nie ma etykietki, Dołącz pierwszą etykiete!
Thư viện lưu trữ: Trung tâm Học liệu Trường Đại học Cần Thơ
LEADER 00495nam a2200181Ia 4500
001 CTU_81384
008 210402s9999 xx 000 0 und d
082 |a 332.15 
082 |b M149 
100 |a Machlup, Fritz 
245 0 |a International monetary economics 
245 0 |c Fritz Machlup 
260 |a London 
260 |b Allen & Unwin 
260 |c 1966 
650 |a Balance of payments,Foreign exchange 
904 |i Trọng Hải 
980 |a Trung tâm Học liệu Trường Đại học Cần Thơ